The scientist vs. the humanist. (Record no. 9423)
[ view plain ]
| 000 -LEADER | |
|---|---|
| fixed length control field | 00728cam a22002651 4500 |
| 001 - CONTROL NUMBER | |
| JCCL Control Number | 9423 |
| 003 - CONTROL NUMBER IDENTIFIER | |
| JCCL marc code | BD-JhCC |
| 005 - DATE AND TIME OF LATEST TRANSACTION | |
| control field | 20180314103705.0 |
| 008 - FIXED-LENGTH DATA ELEMENTS--GENERAL INFORMATION | |
| fixed length control field | 740110s1963 xx 000 0 eng |
| 035 ## - SYSTEM CONTROL NUMBER | |
| system control number | (BD-JhCC)9423 |
| 035 ## - SYSTEM CONTROL NUMBER | |
| system control number | (OCoLC)773592 |
| 040 ## - CATALOGING SOURCE | |
| Original cataloging agency | DLC |
| Transcribing agency | NIC |
| Modifying agency | OCoLC |
| -- | DLC |
| 041 ## - LANGUAGE CODE | |
| Language code of Book | eng |
| 050 00 - LIBRARY OF CONGRESS CALL NUMBER | |
| Classification number | AZ341 |
| Item number | .L4 |
| 082 ## - DEWEY DECIMAL CLASSIFICATION NUMBER | |
| Classification number | 001 |
| Author mark and Year | LEV 1963 |
| 100 1# - MAIN ENTRY--PERSONAL NAME | |
| Personal name | Levine, George Lewis, |
| 245 14 - TITLE STATEMENT | |
| Title | The scientist vs. the humanist. |
| Statement of responsibility, etc | Edited by George Levine and Owen Thomas. |
| 260 ## - PUBLICATION, DISTRIBUTION, ETC. (IMPRINT) | |
| Place of publication, distribution, etc | New York, |
| Name of publisher, distributor, etc | Norton |
| Date of publication, distribution, etc | [1963] |
| 300 ## - PHYSICAL DESCRIPTION | |
| Pagination | viii, 184 p. |
| Dimensions | 21cm. |
| 504 ## - BIBLIOGRAPHY, ETC. NOTE | |
| Bibliography, etc | Bibliography: p. 184. |
| 650 #0 - SUBJECT ADDED ENTRY--TOPICAL TERM | |
| Topical term or geographic name as entry element | Science and the humanities. |
| 700 1# - ADDED ENTRY--PERSONAL NAME | |
| Personal name | Thomas, Owen Paul, |
| 942 ## - ADDED ENTRY ELEMENTS (KOHA) | |
| Source of classification or shelving scheme | Dewey Decimal Classification |
| Koha item type | Books |
| Source of classification or shelving scheme | Damaged status | Not for loan | Home library | Current library | Shelving location | Date of accession | Total Checkouts | Full call number | Barcode | Date last seen | Date checked out | Copy number | Koha item type |
|---|---|---|---|---|---|---|---|---|---|---|---|---|---|
| Dewey Decimal Classification | JCC Rouf Library | JCC Rouf Library | General Stacks | 03/14/2018 | 1 | 001 LEV 1963 | 12452 | 10/03/2024 | 09/25/2024 | C-1 | Books |